000 00610na a2200229 4500
001 17633
003 MIRAKIL
005 20181213154927.0
008 161031b tu 000 0
040 _aMilas
_btur
_cTR-AnCHP
041 _atur
082 _a336.293
_bG76p 1997
090 _a336.293 G76p 1997
100 _aGören,Ömer
245 _aPencere
_cÖmer Gören
260 _aAnkara
_b[yayl. y.]
_c1997
300 _aviii, 271 s.
_c20 sm.
650 _aEkonomi
_xDenemeler
_zTürkiye
650 _aVergi
_xDenemeler
_zTürkiye
651 _aTürkiye
_xSiyasal yaşam
_yDenemeler
942 _2ddc
_cBKS
999 _c3296
_d3296